RICS global commercial property survey (Record no. 113241)

MARC details
000 -LEADER
fixed length control field 01464cad a22002295a 4500
001 - CONTROL NUMBER
control field L154927
008 - FIXED-LENGTH DATA ELEMENTS--GENERAL INFORMATION
fixed length control field 120202s2011 xxkad f s 000 0 eng d
035 ## - SYSTEM CONTROL NUMBER
System control number (Sirsi) u154927
041 0# - LANGUAGE CODE
Language code of text/sound track or separate title eng
110 2# - MAIN ENTRY--CORPORATE NAME
Corporate name or jurisdiction name as entry element Royal Institution of Chartered Surveyors
Subordinate unit Economics
9 (RLIN) 5033
245 00 - TITLE STATEMENT
Title RICS global commercial property survey
Remainder of title Q3 2011
Medium [electronic resource]
260 ## - PUBLICATION, DISTRIBUTION, ETC.
Place of publication, distribution, etc. London
Name of publisher, distributor, etc. RICS
Date of publication, distribution, etc. 2011
490 #0 - SERIES STATEMENT
Series statement RICS Global Commercial Property Survey United Kingdom
Volume/sequential designation Q3 2011
520 ## - SUMMARY, ETC.
Summary, etc. Global sentiment weakened from Q2 2011 as more countries indicated negative view of the market. Outlook was strongest in China, Brazil and Russia. Europe's periphery displayed the most negative sentiment. Development starts were again highest in Brazil and Malaysia. US results paint a rather flat picture with net balances for most indicators moderating. Tenant demand fell in India for the first time since 2009 reflecting economic slowdown, and both rental and capital value expectations have deteriorated.
520 ## - SUMMARY, ETC.
Summary, etc. Global survey and also a suite of regional commercial property surveys for the Americas; Europe; Hong Kong, China and Singapore; India; Oceania, and United Arab Emirates.
590 ## - LOCAL NOTE (RLIN)
Local note KA
650 24 - SUBJECT ADDED ENTRY--TOPICAL TERM
Topical term or geographic name entry element RICS GLOBAL COMMERCIAL PROPERTY SURVEY
651 #4 - SUBJECT ADDED ENTRY--GEOGRAPHIC NAME
Geographic name International
690 ## - LOCAL SUBJECT ADDED ENTRY--TOPICAL TERM (OCLC, RLIN)
Topical term or geographic name as entry element Commercial property
9 (RLIN) 6227
856 40 - ELECTRONIC LOCATION AND ACCESS
Uniform Resource Identifier <a href="https://www.rics.org/site/scripts/downloads.aspx?categoryID=710">https://www.rics.org/site/scripts/downloads.aspx?categoryID=710</a>
Public note View the surveys free of charge at www.rics.org
942 ## - ADDED ENTRY ELEMENTS (KOHA)
Suppress in OPAC 0
Holdings
Withdrawn status Lost status Source of classification or shelving scheme Damaged status Not for loan Home library Current library Shelving location Date acquired Total Checkouts Full call number Barcode Date last seen Copy number Price effective from Koha item type
    Dewey Decimal Classification     Virtual Virtual Online 02/02/2012   ONLINE PUBLICATION 154927-2001 06/08/2019 1 06/08/2019 Book